|
|
|
|
| LEADER |
01241nam a2200289 a 4500 |
| 001 |
4036251 |
| 008 |
101004r20091999njua b 001 0 eng d |
| 010 |
|
|
|a 98050400
|
| 020 |
|
|
|a 0130115665
|
| 020 |
|
|
|a 9788177585742
|
| 040 |
|
|
|a DLC
|c DLC
|d DLC
|d BD-DhAAL
|
| 082 |
0 |
0 |
|a 621.39/5
|2 21
|
| 100 |
1 |
|
|a Mazumder, Pinaki.
|
| 245 |
0 |
0 |
|a Genetic algorithms for VLSI design, layout & test automation /
|c Pinaki Mazumder, Elizabeth M. Rudnick.
|
| 246 |
3 |
0 |
|a Genetic algorithms
|
| 260 |
|
|
|a Upper Saddle River, NJ :
|b Prentice Hall PTR ;
|a New Delhi :
|b Pearson Education,
|c c1999.[Reprinted 2009]
|
| 300 |
|
|
|a xiii, 338 p. :
|b ill. ;
|c 25 cm.
|
| 504 |
|
|
|a Includes bibliographical references (p. 314-331) and index.
|
| 541 |
1 |
|
|e 00021124
|
| 650 |
|
0 |
|a Integrated circuits
|x Very large scale integration
|x Design and construction.
|
| 650 |
|
0 |
|a Integrated circuits
|x Very large scale integration
|x Testing.
|
| 650 |
|
0 |
|a Genetic algorithms.
|
| 650 |
|
0 |
|a Integrated circuit layout.
|
| 700 |
1 |
|
|a Rudnick, Elizabeth M.
|
| 852 |
4 |
|
|a Ayesha Abed Library
|j General shelf
|
| 999 |
|
|
|c 9629
|d 9629
|
| 952 |
|
|
|0 0
|1 0
|2 ddc
|4 0
|6 621_395000000000000_MAZ_2010
|7 0
|9 12241
|a BRACUL
|b BRACUL
|c GEN
|d 2010-10-04
|g 498.75
|l 0
|o 621.395 MAZ
|p 3010021124
|r 2010-10-04
|t 1
|w 2010-10-04
|y BK
|